Funding Possibilities for Small and Medium-sized Enterprises

Uložené v:
Podrobná bibliografia
Hlavný autor: Meheš, Marek
Ďalší autori: Stašková, Slavomíra, 1989-
Médium: Kapitola
Jazyk:English
Predmet:
Tagy: Pridať tag
Žiadne tagy, Buďte prvý, kto otaguje tento záznam!

MARC

LEADER 00000nla a2200000 4500
001 0227439
005 20240502073740.9
041 0 |a eng 
044 |a SK 
245 1 0 |a Funding Possibilities for Small and Medium-sized Enterprises  |c Marek Meheš, Slavomíra Stašková 
500 |a Abstrakt 
610 2 0 |a financovanie podnikov 
610 2 0 |a zdroje finančné 
610 2 0 |a úver bankový 
610 2 0 |a formy financovania 
610 2 0 |a podnik malý 
610 2 0 |a podnik stredný 
100 1 |a Meheš, Marek 
700 1 |a Stašková, Slavomíra, 1989-